|
|
|
|
| LEADER |
01857nam a2200409 i 4500 |
| 001 |
EBC4644618 |
| 003 |
MiAaPQ |
| 005 |
20200520144314.0 |
| 006 |
m o d | |
| 007 |
cr cnu|||||||| |
| 008 |
160901t20162016gw o 000 0 ger d |
| 020 |
|
|
|z 9783110466294
|
| 020 |
|
|
|a 9783110467444
|q (electronic bk.)
|
| 035 |
|
|
|a (MiAaPQ)EBC4644618
|
| 035 |
|
|
|a (Au-PeEL)EBL4644618
|
| 035 |
|
|
|a (CaPaEBR)ebr11247862
|
| 035 |
|
|
|a (CaONFJC)MIL947549
|
| 035 |
|
|
|a (OCoLC)957128269
|
| 040 |
|
|
|a MiAaPQ
|b eng
|e rda
|e pn
|c MiAaPQ
|d MiAaPQ
|
| 050 |
|
4 |
|a PN4400
|b .G688 2016
|
| 082 |
0 |
|
|a 809.6
|2 23
|
| 100 |
1 |
|
|a Gottsched, Johann Christoph,
|e author.
|
| 245 |
1 |
0 |
|a Briefwechsel.
|n Band 10,
|p Marz 1744-September 1745 :
|b unter Einschluss des Briefwechsels von Luise Adelgunde Victorie Gottsched /
|c Johann Christoph Gottsched ; herausgegeben und bearbeitet von Detlef Doring [and four others].
|
| 264 |
|
1 |
|a Berlin, [Germany] ;
|a Boston, [Massachusetts] :
|b De Gruyter,
|c 2016.
|
| 264 |
|
4 |
|c 2016
|
| 300 |
|
|
|a 1 online resource (794 pages)
|
| 336 |
|
|
|a text
|2 rdacontent
|
| 337 |
|
|
|a computer
|2 rdamedia
|
| 338 |
|
|
|a online resource
|2 rdacarrier
|
| 588 |
|
|
|a Description based on online resource; title from PDF title page (ebrary, viewed September 1, 2016).
|
| 590 |
|
|
|a Electronic reproduction. Ann Arbor, MI : ProQuest, 2016. Available via World Wide Web. Access may be limited to ProQuest affiliated libraries.
|
| 650 |
|
0 |
|a Letters
|x History and criticism.
|
| 655 |
|
4 |
|a Electronic books.
|
| 700 |
1 |
|
|a Doring, Detlef,
|e editor.
|
| 776 |
0 |
8 |
|i Print version:
|a Gottsched, Johann Christoph.
|t Briefwechsel. Band 10.
|d Berlin, [Germany] ; Boston, [Massachusetts] : De Gruyter, c2016
|h lxxviii, 716 pages
|z 9783110466294
|
| 797 |
2 |
|
|a ProQuest (Firm)
|
| 856 |
4 |
0 |
|u https://ebookcentral.proquest.com/lib/matrademy/detail.action?docID=4644618
|z Click to View
|